[Event "EU-Cup 10th Group4"]
[Site "Balatonbereny"]
[Date "1994.??.??"]
[Round "3"]
[White "Sax, Gyula"]
[Black "Cramling, Dan"]
[Result "1-0"]
[WhiteElo "2530"]
[BlackElo "2445"]
[Annotator "Ernst"]
[PlyCount "57"]
[EventDate "1994.??.??"]
[EventType "team-k.o."]
[EventRounds "3"]
[EventCountry "HUN"]
[SourceTitle "EXT 2020"]
[Source "ChessBase"]
[SourceDate "2019.10.17"]
[SourceVersion "1"]
[SourceVersionDate "2019.10.17"]
[SourceQuality "1"]
[WhiteTeam "Maribor Piramida"]
[BlackTeam "Huddinge Passanten"]
[WhiteTeamCountry "SLO"]
[BlackTeamCountry "SWE"]

1. e4 c5 2. Nf3 e6 3. d4 cxd4 4. Nxd4 Nf6 5. Nc3 d6 6. g4 Nc6 7. h3 Be7 (7...
d5 8. exd5 Nxd5 9. Bg2 Bb4 10. O-O O-O 11. Nxd5 exd5 12. c3 Bc5 13. Be3 Bb6 {=}
) 8. Bg2 Nxd4 9. Qxd4 O-O 10. Be3 a6 11. O-O-O Nd7 12. f4 b5 13. e5 d5 14. f5
b4 15. Nxd5 $5 exd5 16. Bxd5 Rb8 17. Qa7 Qa5 18. e6 fxe6 19. fxe6 (19. Bxe6+
Kh8 20. Bxd7 Rb7 {-+}) 19... Nf6 20. Qxb8 Nxd5 21. Qe5 Bb7 22. Rhf1 Rc8 (22...
Bf6 23. e7 Bxe7 24. Qe6+ Kh8 25. Rxf8+ Bxf8 26. Qe8 {+-}) 23. Bd4 Bf6 24. Qf5
Qxa2 (24... Qc7 25. Bxf6 Nxf6 26. Rd7 Nxd7 27. exd7 Rd8 28. Qf7+ Kh8 29. Qf8+ {
+-}) 25. Bxf6 Nxf6 $2 (25... Ne3 26. e7 Nxf5 27. Rd8+ {+-}) (25... gxf6 $1 26.
e7 Nxe7 27. Qd7 (27. Qxf6 Be4 {-+}) 27... Qa1+ 28. Kd2 Qxb2 29. Qe6+ (29. Qxe7
Rxc2+ 30. Ke1 Qc3+ {-+}) 29... Kh8 30. Qxf6+ Qxf6 31. Rxf6 {-/+}) 26. e7 {
White was here is serious time-pressure.} Qa1+ $2 27. Kd2 Qa2 (27... Qxb2 28.
Qe6+ Kh8 29. Qxc8+ Bxc8 30. e8=Q+ Ng8 31. Qxc8 {+-} Qd4+ 32. Ke2 Qe4+ 33. Kf2
Qf4+ 34. Kg2 Qe4+ 35. Kg3 Qe3+ 36. Rf3 Qe5+ 37. Kf2 Qh2+ 38. Ke3 {+-}) 28.
Qxc8+ $3 Bxc8 29. Rxf6 {+-} 1-0

[Event "Prague"]
[Site "Prague"]
[Date "1993.??.??"]
[Round "4"]
[White "Kengis, Edvins"]
[Black "Orsag, Milan"]
[Result "1-0"]
[WhiteElo "2560"]
[BlackElo "2390"]
[Annotator "Ernst,T"]
[PlyCount "77"]
[EventDate "1993.09.??"]
[EventType "tourn"]
[EventRounds "9"]
[EventCountry "CZE"]
[EventCategory "10"]
[SourceTitle "CBM 037"]
[Source "ChessBase"]
[SourceDate "1993.12.01"]
[SourceVersion "1"]
[SourceVersionDate "1993.12.01"]
[SourceQuality "1"]

1. e4 c5 2. Nf3 e6 3. d4 cxd4 4. Nxd4 Nf6 5. Nc3 d6 6. g4 Nc6 7. g5 Nd7 8. h4
Be7 9. Be3 O-O 10. Qh5 $5 (10. Qd2 $14) 10... a6 11. O-O-O Nxd4 12. Bxd4 b5 13.
f4 $1 (13. a3 Rb8 $1 14. f4 b4 15. axb4 Rxb4 16. f5 g6 17. Qe2 Qa5 $15 {
Wedberg,T-Cvitan,O/Manila ol/1992/}) (13. Bd3 Ne5 $1 14. f4 Nxd3+ 15. cxd3 $1 (
15. Rxd3 Bb7 16. Re1 b4 17. Nd1 Qa5 $17 {Degerman,L-Cvitan,O/Vienna op/1991/})
15... b4 16. Ne2 e5 17. Be3 b3 18. a3 d5 $15 {Gdanski,J-Mainka,R/Polanica
Zdroj/1992/}) 13... b4 (13... Re8 14. f5 Bf8 15. Bh3 b4 16. fxe6 fxe6 {
Sax-Polugajevskij/Haninge/1989/} 17. Nd5 $1 g6 18. Qf3 exd5 19. e5 Nc5 $3 $10 {
Polugajevskij}) 14. Bxg7 $1 {Important novelty/} (14. Ne2 e5 15. fxe5 dxe5 16.
Be3 Qa5 $10 {Fogarasi,T-Bischoff,K/Mitropa-Cup/1991/}) 14... Kxg7 (14... bxc3
15. Bxc3 $16) 15. e5 Rg8 (15... bxc3 $2 16. Qh6+ Kh8 17. Bd3 f5 18. g6 Rf7 19.
gxf7 Qf8 (19... Bf8 20. Qxe6 Nc5 21. Rhg1 Bg7 22. Qe8+ $18) 20. Qxf8+ Bxf8 21.
Rhg1 Bg7 22. Bxf5 $1 exf5 23. e6 cxb2+ 24. Kb1 Ne5 25. e7 Bd7 26. f8=Q+ Bxf8
27. exf8=Q+ Rxf8 28. fxe5 $18) (15... Nc5 16. Na4 $3 Nxa4 (16... Ne4 17. Bd3
Bb7 18. Rhe1 Qa5 19. Qh6+ $1 (19. b3 d5 20. Bxe4 dxe4 21. Rd7 Bc6 22. Rxe7 Bxa4
23. Qh6+ Kg8 (23... Kh8 24. g6 $18) 24. g6 hxg6 25. Rg1 $18) 19... Kh8 20. Rxe4
$1 Bxe4 21. Bxe4 f5 22. exf6 Rf7 23. fxe7 Qxa4 24. Qxe6 $18) 17. Qh6+ Kh8 18.
Bd3 f5 19. exf6 Rf7 20. g6 Qf8 $1 (20... Bf8 $2 21. g7+ $18) (20... Bxf6 $2 21.
gxf7 $18) 21. fxe7 $1 (21. Qxf8+ Bxf8 22. gxf7 Bb7 $1 23. Rhg1 Bh6 $13) 21...
Qxh6 22. e8=Q+ Rf8 23. Qxa4 $40 {Black has a weak kings position/}) (15... dxe5
$2 16. Qh6+ Kh8 17. Bd3 f5 18. g6 Rf7 19. gxf7 bxc3 20. Rhg1 Bf6 21. Bc4 cxb2+
22. Kb1 $18) (15... Rh8 16. Ne4 h6 (16... dxe5 17. Qh6+ Kg8 18. Rxd7 $1 Bxd7 (
18... Qf8 19. Rxe7 $18) 19. Nf6+ Bxf6 20. gxf6 $18) 17. exd6 Bf8 $2 (17... hxg5
18. dxe7 Qxe7 $16) 18. Rg1 $1 hxg5 19. Rxg5+ $18) 16. Bd3 Nf8 17. Ne4 Kh8 (
17... dxe5 18. fxe5 Qd4 19. Nf6 Qxe5 $2 (19... Bxf6 $1 20. exf6+ Kh8 21. Qxf7
Ra7 22. Qh5 $16) 20. Bxh7 Bxf6 21. Qh6+ Kh8 22. Bg6+ $18) 18. exd6 Bxd6 19.
Rhf1 $44 {Weakness f6/} Be7 20. Qxf7 Bd7 21. Qh5 Be8 22. Qe2 Qa5 $1 (22... Bg6
$1 23. h5 Bf5 $1 (23... Bxe4 $2 24. Bxe4 $18) 24. Nf6 (24. Ng3 Bxd3 25. Qe5+
Bf6 26. gxf6 Nd7 27. Qxe6 Bxf1 28. Rxd7 Qxd7 29. Qxd7 Rxg3 $13) 24... Bxf6 25.
Bxf5 Qa5 26. Be4 Qxa2 27. gxf6 Qa1+ 28. Kd2 Qxb2 29. Bxa8 Qc3+ 30. Kc1 Qa1+ $10
) 23. Ng3 (23. Kb1 $1 $44) 23... Qc7 $2 (23... Qxa2 $1 24. f5 (24. Qe5+ Rg7 25.
h5 Nd7 $17) 24... Qa1+ 25. Kd2 Qxb2 $17) 24. Kb1 a5 25. Bc4 Rc8 26. b3 a4 27.
Rd3 axb3 28. cxb3 Bg6 29. f5 Bxf5 30. Qb2+ Rg7 31. Rxf5 exf5 32. Nxf5 Bc5 33.
h5 $18 Re8 34. h6 Re1+ 35. Kc2 Re2+ 36. Rd2 Rxd2+ 37. Kxd2 Qh2+ 38. Be2 Qf4+
39. Kd1 1-0

[Event "Olympiad-34"]
[Site "Istanbul"]
[Date "2000.11.01"]
[Round "5.1"]
[White "Leko, Peter"]
[Black "Sasikiran, Krishnan"]
[Result "1-0"]
[WhiteElo "2743"]
[BlackElo "2573"]
[Annotator "Ernst,T"]
[PlyCount "158"]
[EventDate "2000.10.28"]
[EventType "team-swiss"]
[EventRounds "14"]
[EventCountry "TUR"]
[SourceTitle "EXT 2001"]
[Source "ChessBase"]
[SourceDate "2000.11.22"]
[SourceVersion "1"]
[SourceVersionDate "2000.11.22"]
[SourceQuality "1"]
[WhiteTeam "Hungary"]
[BlackTeam "India"]
[WhiteTeamCountry "HUN"]
[BlackTeamCountry "IND"]

1. e4 c5 2. Nf3 d6 3. d4 cxd4 4. Nxd4 Nf6 5. Nc3 e6 6. g4 h6 7. h3 a6 8. Bg2
Nc6 (8... g5 9. b3 $1 Nbd7 10. Bb2 Ne5 11. Qd2 $14 {Shirov-Akopian/Groningen/
1997/}) 9. Be3 Ne5 10. Qe2 Qc7 11. f4 Nc4 12. Bc1 Bd7 13. b3 Nb6 14. Qd3 Rc8
15. Bb2 e5 16. Nde2 $14 Be7 17. O-O-O Bc6 18. Kb1 Nbd7 19. Rhf1 Nc5 20. Qe3 O-O
21. fxe5 dxe5 22. Nd5 Bxd5 23. exd5 Ncd7 24. Qd2 Ne8 25. Ng3 Bg5 26. Qe2 Nd6
27. Ne4 Rfe8 28. c4 b6 29. Rde1 Bh4 30. Rc1 a5 31. Qf3 Nf6 32. Nxf6+ Bxf6 33.
Qf2 Qd8 34. a4 Bg5 35. Rc2 Bh4 36. Qe3 Bg5 37. Qc3 Bf6 38. Qe1 Bh4 39. Qd1 e4
$5 {An interesting winning attempt.} 40. Re2 (40. Qd4 Bf6 (40... f6 41. Re2)
41. Rxf6 gxf6 $13) 40... Bg3 41. Qc2 Qe7 42. Re3 Bh4 43. Ba3 Rc5 $1 44. Bb2 (
44. Bxc5 bxc5 45. Qc3 Bg5 46. Re2 e3 $44) 44... Rcc8 45. Bd4 h5 46. Qc3 (46.
Bxb6 $13) 46... Bg5 47. Re2 Bh6 48. Rfe1 b5 49. c5 Qg5 50. Be3 Qxd5 51. Rd2
Rxc5 52. Rxd5 Rxc3 53. g5 Rxb3+ 54. Ka2 Rd3 55. Rxd3 exd3 56. gxh6 Nc4 57. Bf2
Rxe1 58. Bxe1 bxa4 $6 (58... d2 $1 59. Bxd2 Nxd2 60. axb5 Nc4 61. Kb3 Nb6 62.
hxg7 Kxg7 $11) 59. Bc3 g6 60. Kb1 d2 61. Bf3 Kh7 62. Kc2 Kxh6 63. Kd3 Nd6 64.
Bxd2+ Kg7 65. Bxa5 f6 66. Bb4 Nf7 67. Bd1 h4 68. Be2 g5 69. Ke3 Ne5 70. Bb5 g4
71. hxg4 h3 72. Kf2 Nxg4+ 73. Kg3 h2 74. Kg2 f5 75. Bxa4 Kf6 76. Bc6 Ke5 77.
Kg3 Kd4 78. Bd6 Ke3 79. Bf3 Kd3 $11 1-0

[Event "Reykjavik"]
[Site "Reykjavik"]
[Date "1992.??.??"]
[Round "3"]
[White "Thorhallsson, Throstur"]
[Black "Arnason, Jon Loftur"]
[Result "1/2-1/2"]
[WhiteElo "2425"]
[BlackElo "2515"]
[Annotator "Ernst,T"]
[PlyCount "128"]
[EventDate "1992.03.??"]
[EventType "tourn"]
[EventRounds "11"]
[EventCountry "ISL"]
[EventCategory "11"]
[SourceTitle "CBM 028"]
[Source "ChessBase"]
[SourceDate "1992.06.01"]
[SourceVersion "1"]
[SourceVersionDate "1992.06.01"]
[SourceQuality "1"]

1. e4 c5 2. Nf3 d6 3. d4 cxd4 4. Nxd4 Nf6 5. Nc3 a6 6. Be3 e6 7. g4 e5 8. Nf5
g6 9. g5 gxf5 10. exf5 d5 11. gxf6 d4 12. Bc4 Qxf6 {Bezüglich 12.-Dc7, siehe
Kotronias - Arnason.} 13. Nd5 Qc6 14. Bxd4 Bb4+ 15. c3 Qxc4 16. Be3 Be7 17. Nb6
Qc6 18. Rg1 Nd7 19. Nxa8 b5 20. Qd5 $1 Qb7 21. O-O-O Bd8 22. f6 Qxd5 23. Rxd5
Bb7 24. Rd6 Bxa8 25. Rgd1 Bf3 26. Rxd7 Bxd1 27. Rxd1 Rg8 $1 (27... Bxf6 $6 28.
Rd6 $1 $16) 28. Rd6 Rg2 29. h3 Rh2 30. Kd2 Rxh3 31. Bb6 Bxb6 32. Rxb6 e4 33.
Rxa6 e3+ 34. fxe3 Rh2+ 35. Kc1 Kd7 $16 36. a4 bxa4 37. Rxa4 h5 38. Re4 h4 39.
Re7+ (39. Kb1 $1 h3 40. Rh4 Ke6 41. Ka2 Kxf6 42. Ka3 Kg5 43. Rh8 Kg4 44. c4 Rc2
45. b3 h2 46. Kb4 Kg3 47. Kc5 Kg2 48. b4 h1=Q 49. Rxh1 Kxh1 50. b5 Kg2 51. b6
Kf3 52. Kd4 $1 $16) 39... Kd6 40. Rxf7 Ke6 41. Rh7 Kxf6 42. Kb1 Kg6 43. Rh8 Kg7
44. Rh5 Kg6 45. Rh8 Kg7 $1 46. Rd8 h3 47. Rd1 Re2 48. c4 h2 49. Rh1 Kf6 50. Ka2
Ke5 51. Ka3 Rxe3+ 52. Ka4 Rh3 53. Kb5 Kd6 $10 54. b4 Kc7 55. c5 Rh4 56. Ka4 Kc6
57. Kb3 Kb5 58. Kc2 Rh3 59. Kd2 Ra3 60. Ke2 Ra4 61. Kf2 Rxb4 62. Rxh2 Rb2+ 63.
Kg3 Rxh2 64. Kxh2 Kxc5 1/2-1/2

[Event "Lazne Bohdanec"]
[Site "Lazne Bohdanec"]
[Date "1996.??.??"]
[Round "2"]
[White "Movsesian, Sergei"]
[Black "Babula, Vlastimil"]
[Result "1-0"]
[WhiteElo "2580"]
[BlackElo "2540"]
[Annotator "Ftacnik,L"]
[PlyCount "39"]
[EventDate "1996.01.??"]
[EventType "tourn"]
[EventRounds "11"]
[EventCountry "CZE"]
[EventCategory "10"]
[SourceTitle "CBM 051"]
[Source "ChessBase"]
[SourceDate "1996.04.01"]
[SourceVersion "1"]
[SourceVersionDate "1996.04.01"]
[SourceQuality "1"]

1. e4 c5 2. Nf3 e6 3. Nc3 d6 4. d4 cxd4 5. Nxd4 Nf6 6. g4 Nc6 7. g5 Nd7 8. Be3
Be7 9. h4 O-O 10. Qh5 a6 11. O-O-O Nxd4 12. Bxd4 b5 {This sharp line hides
many dangers for black and he has to play extremely accurately in the defence.}
13. Bd3 (13. e5 dxe5 $5 (13... d5 $6 14. Bd3 g6 15. Qg4 Bc5 (15... Nc5 16. Bxc5
Bxc5 17. h5 Bxf2 18. hxg6 fxg6 19. Rxh7 $1 Be3+ 20. Kb1 Qxg5 21. Qh3 $18) 16.
h5 $1 Bxd4 17. Qxd4 Qxg5+ 18. f4 Qe7 19. hxg6 fxg6 20. f5 $3 gxf5 21. Nxd5 $1 {
1-0 Gallagher,J-Vehi Bach,V/Biel op (07)/1995/ (26)}) (13... g6 14. Qe2 d5 15.
Qe3 Bb7 16. Bd3 b4 17. Ne2 a5 18. h5 Kg7 19. f4 Kh8 20. Ng3 a4 21. hxg6 fxg6
22. Kb1 {1-0 Ciemniak,R-Allen,A/WchJM Buenos Aires/1993/ (33)}) 14. Bxe5 Qe8 (
14... g6 15. Qe2 Bb7 16. Rh3 Qc8 17. Bd6 Bxd6 18. Rxd6 Qc7 19. Rd4 Rfd8 20.
Rhd3 Nc5 21. Rxd8+ Rxd8 22. Rxd8+ Qxd8 23. Qe5 Qc8 24. a3 Qc6 25. Qb8+ {
1/2-1/2 Howell,J-Kohlweyer,B/Liechtenstein op (07)/1994/}) (14... Qa5 $2 15.
Rxd7 $3 Bxd7 16. Bd3 g6 17. Qh6 f6 18. Bxg6 $1 hxg6 19. Qxg6+ Kh8 20. gxf6 $18)
15. Bg2 $1 (15. Bxg7 $2 Kxg7 16. Qh6+ Kh8 $1 17. Rxd7 Bxd7 18. Bd3 f5 19. gxf6
Rf7 20. fxe7 Qxe7 21. Ne4 Bc6 $17) 15... Nxe5 16. Bxa8 b4 17. Nb1 Qb5 18. Rhe1
Ng6 19. Nd2 e5 20. Be4 Be6 21. Kb1 a5 22. Bxg6 $2 (22. Qf3 Nxh4 23. Bxh7+ Kxh7
24. Qh5+ Kg8 25. Qxh4 $18) 22... hxg6 23. Qe2 Qxe2 24. Rxe2 f6 {1/2-1/2 Tolnai,
T-Cvitan,O/EUCup Gr5 Balatonbereny/1993/ (42)}) (13. f4 b4 (13... Re8 14. f5
Bf8 15. Bh3 b4 16. fxe6 fxe6 17. Nd5 $1 (17. g6 h6 $1 18. Nd5 Rb8 $1 $13 {
Sax-Polugaewski/Haninge/1989}) 17... g6 18. Qf3 (18. Qg4 Ne5 19. Nf6+ Qxf6 20.
gxf6 Nxg4 21. Bxg4 e5 $1 $15 {Horvath,T-Kohlweyer/Frankfurt/1990}) 18... exd5
19. e5 Nc5 $3 $10 {Polugajevskij}) (13... Qa5 14. Rg1 $1 b4 15. Nd5 $1 exd5 16.
Qh6 $1 Ne5 $8 17. fxe5 gxh6 18. gxh6+ Kh8 19. exd6+ f6 20. dxe7 Be6 21. exf8=Q+
Rxf8 22. exd5 Bxd5 23. Bd3 Qxa2 24. Rg7 Bg8 25. b3 a5 26. Rdg1 a4 27. Rxg8+ $18
) 14. Bxg7 $1 (14. Ne2 e5 15. fxe5 dxe5 16. Be3 Qa5 17. Kb1 Nc5 18. Qf3 Be6 19.
Nc1 Rad8 20. Be2 {1/2-1/2 Fogarasi,T-Bischoff,K/Mitropa Cup (02)/1991/}) (14.
Nb1 Qa5 15. Bxg7 Kxg7 16. f5 exf5 17. exf5 Kh8 18. Bg2 Rb8 19. Rhe1 Ne5 20. f6
Bxf6 21. Be4 Ng6 22. Rd5 Qd8 23. gxf6 Qxf6 24. Qg5 Qxg5+ 25. Rxg5 {1/2-1/2
Terzic,M-Djuric,P/JUG-chT/1993/ (42)}) 14... Kxg7 (14... bxc3 15. Bxc3 $16) 15.
e5 Rg8 (15... bxc3 $2 16. Qh6+ Kh8 17. Bd3 f5 18. g6 Rf7 19. gxf7 Qf8 20. Qxf8+
Bxf8 21. Rhg1 Bg7 22. Bxf5 $1 exf5 23. e6) (15... Nc5 16. Na4 $3 Nxa4 17. Qh6+
Kh8 18. Bd3 f5 19. exf6 Rf7 20. g6 Qf8 $1 21. fxe7 $1 (21. Qxf8+ Bxf8 22. gxf7
Bb7 $1 23. Rhg1 Bh6 $13) 21... Qxh6 22. e8=Q+ Rf8 23. Qxa4 $40) (15... Rh8 16.
Ne4 h6 17. exd6 Bf8 $2 (17... hxg5 18. dxe7 Qxe7 $16) 18. Rg1 $1 hxg5 19. Rxg5+
$18) 16. Bd3 Nf8 17. Ne4 Kh8 (17... dxe5 18. fxe5 Qd4 19. Nf6 Bxf6 $1 20. exf6+
Kh8 21. Qxf7 Ra7 22. Qh5 $16) 18. exd6 Bxd6 19. Rhf1 $44 {1-0 Kengis,E-Orsag,M/
Prague (04)/1993 (39)}) (13. a3 Rb8 $1 (13... Qa5 14. f4 b4 15. axb4 Qxb4 16.
f5 Rb8 17. b3 Ne5 18. f6 Bd8 19. Kb1 a5 20. fxg7 Re8 21. Na2 Qb7 22. Qe2 Bd7
23. Rh3 Bc6 24. Bg2 a4 {0-1 Ernst,T-Cvitan,O/Oberwart op/1991/ (52)}) 14. f4 b4
15. axb4 Rxb4 16. f5 g6 17. Qe2 Qa5 $15 {Wedberg,T-Cvitan,O/Manila ol/1992/})
13... b4 $2 {This mistake spells the disaster, even though white has to show
some phantasy.} (13... Ne5 14. f4 (14. Kb1 $6 b4 (14... Qa5 15. f4 b4 16. Nd5
$1 $16 {Tolnai,T-Paschall,W/New Yorkop/1993/}) 15. Na4 $8 (15. Ne2 g6 $1 16.
Qh6 Re8 $17 {/\ Bf8}) 15... Rb8 16. b3 Qc7 (16... Bd7 $2 17. Nc5 $1) 17. f4
Nxd3 18. cxd3 e5 $5 19. Rc1 Qd8 {0-1 Perenyi,B-Hellers,F/Budapest/1988/ (39)})
14... Nxd3+ 15. Rxd3 (15. cxd3 $1 b4 16. Ne2 e5 17. Be3 b3 18. a3 d5 $15 {
Gdanski,J-Mainka,R/Polanica Zdroj/1992/}) 15... Bb7 16. Re1 b4 17. Nd1 Re8 {
Degerman,L-Cvitan,O/Vienna op/1991/} (17... Qa5 18. b3 Qxa2 19. f5 Rfc8 20. Bb2
e5 21. g6 $44) (17... e5 $5 18. Bf2 exf4 19. Qg4 $13) 18. Nf2 Qa5 19. Ng4 b3
20. Nh6+ gxh6 $8 (20... Kh8 $4 21. Qxf7 Qxe1+ 22. Rd1 $18 {/\ Qg8, Nf7}) 21.
Rg1 hxg5 22. Qh6 e5 23. Bxe5 dxe5 24. Rxg5+ Bxg5 25. Qxg5+ Kh8 26. Qf6+ Kg8 {
1/2-1/2 Hector,J-Vogt,L/Taastrup/1990/}) (13... g6 14. Qg4 (14. Qe2 b4 15. Nb1
Bb7 16. f4 e5 17. h5 exd4 18. hxg6 fxg6 19. Bc4+ d5 20. exd5 Bxg5 21. Qe6+ Kg7
22. fxg5 Qxg5+ 23. Nd2 Nf6 {1/2-1/2 Talla,V-Lipka,J/CSR-chJ Pardubice/1991/ 
(28)}) 14... b4 15. Ne2 e5 16. Be3 Nc5 17. Qg2 Nxd3+ 18. Rxd3 Be6 19. h5 Kg7
20. f4 Qa5 21. f5 gxf5 22. g6 fxg6 23. hxg6 h5 24. Rxh5 Rh8 25. Rh7+ {1-0
Almasi,Z-Canfell,G/Kobanya op (04)/1991/ (32)}) (13... e5 14. Be3 Bb7 15. f4
exf4 16. Bxf4 Qc7 17. Nd5 Bxd5 18. exd5 g6 19. Qg4 Nc5 20. h5 Rfc8 21. Rh2 Qd7
22. Qxd7 Nxd7 23. Rdh1 Nf8 24. hxg6 fxg6 {1/2-1/2 Ruxton,K-Murugan,K/BCF-ch/
1989/ (49)}) (13... Re8 $6 14. Bxg7 Kxg7 15. Qh6+ Kh8 16. e5 Nf8 17. Ne4 Ng6
18. Nf6 Bxf6 19. gxf6 Rg8 20. h5 Qf8 21. Qxh7+ {1-0 Madl,I-Summermatter,D/
Geneve-B/1988/}) 14. Bxg7 $1 (14. Nd5 $1 exd5 15. Bxg7 $1 Qe8 16. Bf6 {1-0
Szalanczy,E-Gavrikov,V/Debrecen/1988/}) 14... Nc5 (14... Ne5 15. Bf6 $2 (15.
Bxe5 dxe5 16. Ne2 $16) 15... bxc3 16. Bxe7 Qxe7 17. f4 Qb7 18. bxc3 Nxd3+ 19.
Rxd3 Qxe4 20. Rf1 Rb8 {1-0 Zakharov,V-Semeniuk,A/URS-sf Voronez/1991/ (36)}) (
14... Kxg7 15. Qh6+ Kg8 16. e5 f5 17. gxf6 Rf7 18. Rhg1+ Kh8 19. Rg7 $18) (
14... bxc3 15. e5 cxb2+ 16. Kb1 f5 17. gxf6 $18) 15. Qh6 Re8 (15... Nxd3+ 16.
Rxd3 bxc3 17. Bf6 $18) 16. Ne2 {The N heads towards h5 square with simple win.}
(16. Bf6 Bf8) 16... e5 17. Ng3 Bg4 (17... Nxd3+ 18. Rxd3 Qa5 19. Nh5 $18) 18.
Bc4 Ne6 (18... Bxd1 19. g6 $1 $18) 19. Bxe6 fxe6 (19... Bxe6 20. Nh5 Bg4 21.
Nf6+ Bxf6 22. Bxf6 $18) 20. g6 (20. g6 hxg6 21. Bxe5 dxe5 22. Rxd8 Raxd8 23.
Qxg6+ Kh8 24. Qxg4) 1-0

[Event "Groningen"]
[Site "Groningen"]
[Date "1994.??.??"]
[Round "7"]
[White "Almasi, Zoltan"]
[Black "Van Wely, Loek"]
[Result "1-0"]
[WhiteElo "2620"]
[BlackElo "2560"]
[Annotator "Ftacnik,L"]
[PlyCount "65"]
[EventDate "1994.12.??"]
[EventType "tourn"]
[EventRounds "11"]
[EventCountry "NED"]
[EventCategory "15"]
[SourceTitle "CBM 045"]
[Source "ChessBase"]
[SourceDate "1995.04.01"]
[SourceVersion "1"]
[SourceVersionDate "1995.04.01"]
[SourceQuality "1"]

1. e4 {Horvath,T} c5 2. Nf3 d6 3. d4 cxd4 4. Nxd4 Nf6 5. Nc3 a6 6. Be3 e6 (6...
Ng4 {Horvath,T} 7. Bc1 Nf6 8. Be3 Ng4 9. Bg5 h6 10. Bh4 (10. Bc1 $5 e5 (10...
Nf6 11. Bc4 $1) 11. Nf5 Nf6 12. Bc4 b5 $6 (12... Bxf5 13. exf5 Qc8 $13) 13. Bb3
b4 14. Nd5 Nxe4 15. Ba4+ Bd7 16. Bxd7+ Nxd7 17. Qf3 $16 {Horvath,T-Beck/
Austria/1995}) 10... g5 11. Bg3 Bg7 12. h3 (12. Qd2 Nc6 13. Nb3 Be6 14. f3 Nge5
15. Bf2 Na5 16. Nd4 $13 {Stefansson-Ftacnik/Moscau/1994}) 12... Ne5 13. Be2
Nbc6 14. Nb3 Ng6 15. Qd2 $13 {Tolnai-Pigusov/Lyon/1994}) 7. g4 h6 (7... e5 {
Tolnai,T-Cvitan,O [Horvath,T] ;CBM 38/223}) 8. h3 (8. f4 {Horvath,T} Nc6 9. Be2
e5 {Topalov-Kasparov/Moscau/1994}) 8... Nc6 9. Qe2 (9. f4 Qc7 (9... Bd7 10. Qe2
Be7 11. Bg2 Qc7 12. O-O Nxd4 13. Bxd4 e5 14. Be3 exf4 15. Rxf4 Be6 16. Nd5 Bxd5
17. exd5 O-O 18. g5 hxg5 19. Rc4 Qd7 20. Bxg5 Rae8 21. Rh4 Qf5 22. Qd2 Ne4 23.
Rxe4 Bxg5 24. Qd3 $10 {Balashov,Y-Psakhis,L/URS-FL Sverdlovsk/1987/}) (9... Qb6
$2 {Horvath,T} 10. Qd2 $16) 10. Bg2 Nd7 11. Qd2 Nb6 12. b3 Bd7 13. O-O Nxd4 14.
Qxd4 e5 15. Qd2 Rc8 16. Nd1 exf4 17. Bd4 Be6 18. c4 Nd7 19. Qxf4 Ne5 20. Ne3 g6
21. Qf6 Rh7 22. Rad1 Be7 23. Qf2 h5 24. gxh5 $15 {Horvath,T-Grooten,H/SWZ-chI
op (9)/1992/0-1 (35)}) 9... Nxd4 (9... Bd7 10. O-O-O $36) 10. Bxd4 e5 11. Be3
Be6 12. Bg2 Rc8 13. Nd5 (13. O-O-O Rxc3 14. bxc3 Qa5 $132) 13... Nxd5 (13...
Bxd5 14. exd5 Qa5+ (14... Be7 {Horvath,T} 15. O-O-O Nd7 16. f4 $14) 15. c3 Nxd5
16. Bd2 $14) 14. exd5 Bd7 15. O-O-O Be7 (15... g6 16. f4 $40) 16. Be4 $1 O-O (
16... Bg5 $5 {Horvath,T}) 17. Rdg1 Qa5 (17... Bg5 {Horvath,T} 18. h4 $1 Bxh4
19. g5 $18) 18. Kb1 Qa4 19. f3 Bh4 (19... Rc7 20. Qd2 {/\ Bh6}) 20. Qd2 g5 $5 (
20... Rfe8 21. Bxh6 $1 gxh6 22. Qxh6 Bd8 23. Bh7+ Kh8 24. Bg6+ Kg8 25. Qh7+)
21. b3 Qa3 22. Rg2 f5 $2 (22... b5 23. Bf5 $16) (22... Rc7 {Horvath,T} 23. Bf2
Bxf2 24. Rxf2 f5 25. gxf5 Bxf5 26. h4 $16) 23. gxf5 Rxf5 (23... Bxf5 24. Bxg5
$1 hxg5 25. Rxg5+ Bxg5 26. Qxg5+ $18) 24. Rg4 (24. Bxf5 Bxf5 25. Bxg5 Bxc2+ 26.
Qxc2 Rxc2 27. Bc1+ Rxg2 28. Bxa3 Be7 $15) 24... Rf4 25. Rxh4 $1 (25. Bxf4 $5
Bxg4 26. hxg4 exf4 27. Bf5 Rc7 28. Qe2 $40) 25... Rxh4 (25... gxh4 26. Rg1+ Kf8
27. Bxf4 exf4 28. Qxf4+ $18) 26. Bxg5 $1 Rh5 (26... Rxh3 27. Rxh3 Bxh3 28. Bxh6
Kf7 29. Bg6+ Ke7 (29... Kxg6 30. Qg5+ Kf7 31. Qg7+ Ke8 32. Qf8+ Kd7 33. Qf7+
Kd8 34. Bg5#) 30. Qg5+ Kd7 31. Bf5+ Kc7 (31... Bxf5 32. Qg7+ Ke8 33. Qf8+ Kd7
34. Qf7+ Kd8 35. Bg5#) 32. Bxh3 $18) (26... Rxe4 27. fxe4 $18) 27. Bxh6 Kh8 28.
Rg1 Qc5 (28... Rg8 29. Rxg8+ Kxg8 30. Qg2+ $18) 29. Bg7+ Kg8 30. Qg2 Bxh3 31.
Qg6 Bf5 (31... Qxg1+ 32. Qxg1 $18) 32. Bxf5 Rxf5 33. Bf6+ (33. Bf6+ Kf8 34.
Qg8#) 1-0

[Event "FRA-chT Top 16 GpB"]
[Site "Port Barcares"]
[Date "2005.05.04"]
[Round "8"]
[White "Gallagher, Joseph G"]
[Black "Collas, Didier"]
[Result "1-0"]
[WhiteElo "2535"]
[BlackElo "2417"]
[Annotator "Ftacnik,L"]
[PlyCount "43"]
[EventDate "2005.05.04"]
[EventType "team"]
[EventRounds "11"]
[EventCountry "FRA"]
[SourceTitle "CBM 107"]
[Source "ChessBase"]
[SourceDate "2005.08.01"]
[SourceVersion "1"]
[SourceVersionDate "2005.08.01"]
[SourceQuality "1"]

1. e4 c5 2. Nf3 d6 3. d4 Nf6 4. Nc3 cxd4 5. Nxd4 a6 6. Be3 e6 7. g4 e5 8. Nf5
g6 9. g5 gxf5 10. exf5 d5 11. gxf6 d4 12. Bc4 Qc7 13. Qd3 dxc3 14. O-O-O cxb2+
15. Kb1 Nc6 {I am becoming stronly suspicious about the whole line. Black is
walking the tightrope for just one piece and his results in 14...cxb2+ line
are worse than miserable.} (15... Bd7 16. Rhg1 Qc6 17. Bxf7+ Kxf7 18. Qb3+ {
1-0 Smirnov,P-Asatov,V/Novosibirsk 1999/ (18)}) 16. f4 $1 (16. Rhg1 b5 17. Bb3
Nb4 (17... Bb7 18. Bb6 Nb4 19. Qe2 {1-0 Shalimov,V-Karanda,K/Kharkov 2000/ (19)
}) 18. Qe2 Bxf5 19. Rg5 Be6 20. Bf4 Nxc2 21. Bxe6 Na3+ 22. Kxb2 fxe6 23. Bxe5
Nc4+ 24. Kb1 Qf7 25. Rdg1 {1-0 Sumets,A-Khazankin,M/Odessa 1999/ (35)}) 16...
b5 (16... Bd7 17. Bb6 Qd6 18. Qb3 (18. Qxd6 Bxd6 19. Rxd6 $18) 18... Qxf6 19.
fxe5 Nxe5 20. Bc7 Nxc4 21. Rhe1+ Be7 22. Qxc4 Rc8 23. Qf4 Bxf5 24. Qd2 {
1/2-1/2 Rubino,W-Appendino,J/St Chely d'Aubrac 2001/ (24)}) 17. Bd5 (17. Bb3
Nb4 18. Bb6 Nxd3 19. Bxc7 Ra7 20. Bb8 Rb7 21. Rxd3 e4 (21... Rxb8 22. Re1 Bd7
23. Rxe5+ Kd8 24. Be6 fxe6 25. fxe6 Rb7 26. Red5 $16) 22. Re1 Bxf5 23. Bd5 Rb6
24. Bxe4 Bxe4 25. Rxe4+ Re6 26. Bc7 {Kozakov,M-Ganin,M/UKR ol Alushta/1999/
1-0 (26)}) 17... Bb7 (17... Nb4 18. Qe4 Rb8 19. Rhe1 Bd7 (19... Bb7 20. Bxb7
Rxb7 21. Bb6 Rxb6 22. Qxe5+ Qxe5 23. Rxe5+ Re6 24. fxe6 Nc6 25. e7 Bxe7 26. Re2
$18) 20. Bxf7+ Kxf7 21. fxe5 $16) (17... Bd7 18. Bb6 Qxb6 (18... Qb7 19. fxe5
$16) 19. Bxf7+ Kxf7 20. Qxd7+ Ne7 (20... Be7 21. Qe6+ Kf8 22. fxe7+) 21. Rd6
$18) 18. Bb6 $1 {[%mdl 128] The punishment is very brutal, black king is
nearly mated burried on e8.} Qc8 (18... Qxb6 19. Bxf7+ $1 Kxf7 20. Qd5+ Kxf6
21. Qe6+ Kg7 22. Rhg1+ Qxg1 23. Rxg1#) 19. Bxc6+ Bxc6 (19... Qxc6 20. Qd8+ $18)
20. Rhe1 Bb4 (20... Bd7 21. Rxe5+ Be6 22. Qf3 $18) 21. Rxe5+ Kf8 22. Qd4 (22.
Qd4 a5 23. Bc5+ $18) 1-0